Colombia : Financial Sector Assessment Program-Technical Note on Macroprudential Framework Policy and Tools.

There has been little change in the institutional framework for macroprudential policy oversight since the last FSAP. Macroprudential policy for the banking sector is a shared competency of the Financial Superintendency of Colombia (SFC), the Banco de la Republica (BR), and the Ministry of Finance (...

Descripció completa

Dades bibliogràfiques
Autor corporatiu: International Monetary Fund. Monetary and Capital Markets Department
Format: Revista
Idioma:English
Publicat: Washington, D.C. : International Monetary Fund, 2022.
Col·lecció:IMF Staff Country Reports; Country Report ; No. 2022/157
Matèries:
Accés en línia:Full text available on IMF
LEADER 02139cas a2200289 a 4500
001 AALejournalIMF022941
008 230101c9999 xx r poo 0 0eng d
020 |c 20.00 USD 
020 |z 9798400212239 
022 |a 1934-7685 
040 |a BD-DhAAL  |c BD-DhAAL 
110 2 |a International Monetary Fund.  |b Monetary and Capital Markets Department. 
245 1 0 |a Colombia :   |b Financial Sector Assessment Program-Technical Note on Macroprudential Framework Policy and Tools. 
264 1 |a Washington, D.C. :  |b International Monetary Fund,  |c 2022. 
300 |a 1 online resource (22 pages) 
490 1 |a IMF Staff Country Reports 
500 |a <strong>Off-Campus Access:</strong> No User ID or Password Required 
500 |a <strong>On-Campus Access:</strong> No User ID or Password Required 
506 |a Electronic access restricted to authorized BRAC University faculty, staff and students 
520 3 |a There has been little change in the institutional framework for macroprudential policy oversight since the last FSAP. Macroprudential policy for the banking sector is a shared competency of the Financial Superintendency of Colombia (SFC), the Banco de la Republica (BR), and the Ministry of Finance (MHCP), although the SFC and the MHCP play dominant roles. The Financial Sector Coordination and Monitoring Committee (CCSSF), which consists of the three institutions and the Financial Institutions Guarantee Fund (Fogafin), is the main platform for information sharing and cooperation, but it does not have a macroprudential mandate or any formal powers. The SFC supervises asset managers and insurance companies, but there is no formal macroprudential oversight framework for those types of financial institutions. 
538 |a Mode of access: Internet 
650 7 |a International Agreements and Observance  |2 imf 
650 7 |a International Organizations  |2 imf 
650 7 |a Monetary Policy  |2 imf 
651 7 |a Colombia  |2 imf 
830 0 |a IMF Staff Country Reports; Country Report ;  |v No. 2022/157 
856 4 0 |z Full text available on IMF  |u https://elibrary.imf.org/openurl?genre=journal&issn=1934-7685&volume=2022&issue=157  |z IMF e-Library